000 00475nam a2200217Ia 4500
001 110581
003 YMCAF
005 20230512162421.0
008 100717s2003 ||||||||||||||||| ||und|d
024 _a110581
035 _aWB1568
040 _aYMCAF
_beng
_cIN-KoLT
041 _aeng
082 _a621.37
_bRAN
100 _aRangan, C S
245 0 _aInstrumentation: devices and systems
250 _a2nd
260 _bTMH
_c2003
300 _a549
942 _2ddc
_cBK
999 _c11884
_d11884